• 首页
  • 本馆介绍
  • 公告通知
  • 最新文献
  • 馆藏检索
  • 电子资源
  • 读者导购
  • 参考咨询
  • 我的图书馆
  • 登录
  • 详细信息显示
  • 放入我的书架
  • 预约/预借图书
  • 作者相关作品
  • 分类相关作品
  • 丛书相关作品
  • 出版社相关作品

书目信息

  • 表格格式
  • 工作单格式
  • 卡片格式
题名:
中学物理课件制作四合一
    
 
作者: 王玉华 , 于继成 主编
分册:  
出版信息: 北京   红旗出版社  2005
页数: 378页
开本: 26cm
丛书名: 看图做课件
单 册:
中图分类: G633.73
科图分类:
主题词: 物理 , 多媒体 , 物理--多媒体--计算机辅助教学--软件工具--中学--教学参考资料 , 软件工具 , 计算机辅助教学
电子资源:
ISBN: 7-5051-1088-8
000 01253oam2 2200313 450
001 002859443
005 20061109142013.50
010    @a7-5051-1088-8@dCNY36.00
100    @a20050411d2005 em y0chiy0110 ea
101 0  @achi
102    @aCN@b110000
105    @ay z 000yy
200 1  @a中学物理课件制作四合一@9zhong xue wu li ke jian zhi zuo si he yi@eFlash MX/Authorware 7.0/PowerPoint XP/几何画板@f王玉华,于继成主编
210    @a北京@c红旗出版社@c北京希望电子出版社@d2005
215    @a378页@d26cm@e光盘1片
225 2  @a看图做课件@eFlash MX / Authorware 7.0 / PowerPoint XP
307    @a附光盘:ISBN 7-89498-318-7 “十五”国家重点电子出版物规划项目·计算机动画教室系列
330    @a本书通过图解加范例的方法,介绍了中学物理课件的制作方法和技巧。包括制作PowerPoint课件、制作Authorware课件、制作Flash课件、制作几何画板课件和制作综合课件五章内容。
461  0 @12001 @a看图做课件
606 0  @a物理
606 0  @a多媒体
606 0  @a物理@x多媒体@x计算机辅助教学@x软件工具@x中学@j教学参考资料
606 0  @a软件工具
606 0  @a计算机辅助教学
690    @aG633.73@v4
701  0 @a王玉华@9wang yu hua@c(图形软件)@4主编
701  0 @a于继成@9yu ji cheng@c(图形软件)@4主编
801  0 @aCN@bNLC@c20061109
905    @a10447@dG633.73@e356
    
    中学物理课件制作四合一:Flash MX/Authorware 7.0/PowerPoint XP/几何画板/王玉华,于继成主编.-北京:红旗出版社:北京希望电子出版社,2005
    378页;26cm+光盘1片.-(看图做课件:Flash MX / Authorware 7.0 / PowerPoint XP)
    
    
    ISBN 7-5051-1088-8:CNY36.00
    本书通过图解加范例的方法,介绍了中学物理课件的制作方法和技巧。包括制作PowerPoint课件、制作Authorware课件、制作Flash课件、制作几何画板课件和制作综合课件五章内容。
●
相关链接 在E读中查询图书 在五车中查询图书 在当当中查询图书 在豆瓣中查询图书


正题名:中学物理课件制作四合一     索取号:G633.73/356         预约/预借

序号 登录号 条形码 馆藏地/架位号 状态 备注
1 0386238   203862383   第一样本阅览室/ [索取号:G633.73/356] 在馆    
2 0386239   203862392   第四借阅区/ [索取号:G633.73/356] 在馆    
3 0386240   203862409   第四借阅区/ [索取号:G633.73/356] 在馆    
4 0386241   203862418   第四借阅区/ [索取号:G633.73/356] 在馆    
5 0386242   203862427   第四借阅区/ [索取号:G633.73/356] 在馆    
唐山师范学院图书馆 欢迎您!
大连网信软件有限公司© 版权所有